00670nam a2200145Ia 4500008004100000100002100041245010600062245006300168260000900231300002900240440005200269650011200321999001900433952007200452171207s9999 xx 000 0 und d aChan, Eric S. W. 3aAn Empirical Study of Environmental Practices and Employee Ecological Behavior in the Hotel Industry  cEric S. W. Chan, Alice H. Y. Hon, Fevzi Okumus, Wilco Chan c2017 apages 585-608, June 2017 aJournal of Hospitality & Tourism Researchv41:5 aENVIRONMENTAL PRACTICES, KNOWLEDGE, ECOLOGICAL BEHAVIOR, HOTEL EMPLOYEES, STRUCTURAL EQUATION MODELING, SEM c347554d347554 001040aCLbCLd2017-12-07l0r2017-12-07 00:00:00w2017-12-07ySE